Catalog

Record Details

Catalog Search



Pyrography basics : techniques and exercises for ... Read More

Irish, Lora S,(author.).

Available copies

  • 1 of 1 copy available at LARL/NWRL Consortium.
  • 1 of 1 copy available at Lake Agassiz Regional Library. (Show preferred library)

Current holds

0 current holds with 1 total copy.

Show Only Available Copies
Location Call Number / Copy Notes Barcode Shelving Location Status Due Date
Moorhead Public Library 745.514 IRI (Text) 33500012586012 Main Available -

Record details

  • ISBN: 9781574215052
  • ISBN: 1574215051
  • Physical Description: 31 pages : illustrations (chiefly color) ; 28 cm
  • Publisher: East Petersburg, PA : Design Originals, [2014]

Content descriptions

General Note:
Cover title.
Formatted Contents Note:
Pyrography systems -- Pyrography tips -- General ... Read More
Summary, etc.:
If you've ever wanted to take up the creative ... Read More
Subject: Pyrography.
Pyrography.
Genre: STEM books.
LDR 02317cam a2200421Ii 4500
001266791
003LARL_NWRL_CONSORTIUM
00520170926132019.0
008131106s2014 paua 000 0 eng d
040 . ‡aIKG ‡beng ‡erda ‡cIKG ‡dBDX ‡dNBO ‡dGK8 ‡dJQM ‡dCLE ‡dYDXCP ‡dUKMGB ‡dOCLCF ‡dSINLB ‡dWB9GB ‡dOCLCQ ‡dLKC ‡dSFR
015 . ‡aGBB477961 ‡2bnb
0167 . ‡a016801917 ‡2Uk
020 . ‡a9781574215052 ‡q(pbk.)
020 . ‡a1574215051 ‡q(pbk.)
035 . ‡a(OCoLC)862176848
037 . ‡bIngram Pub Services, Attn: Benton Tatum 1 Ingram Blvd, LA Vergne, TN, USA, 37086 ‡nSAN 631-8630
08204. ‡a745.51/4 ‡223
1001 . ‡aIrish, Lora S, ‡eauthor. ‡0(LARL_NWRL_CONSORTIUM)121926
24510. ‡aPyrography basics : ‡btechniques and exercises for beginners / ‡cLora S. Irish.
264 1. ‡aEast Petersburg, PA : ‡bDesign Originals, ‡c[2014]
300 . ‡a31 pages : ‡billustrations (chiefly color) ; ‡c28 cm
336 . ‡atext ‡btxt ‡2rdacontent
337 . ‡aunmediated ‡bn ‡2rdamedia
338 . ‡avolume ‡bnc ‡2rdacarrier
500 . ‡aCover title.
520 . ‡aIf you've ever wanted to take up the creative craft of pyrography, all you need is this book and an inexpensive woodburning tool to begin adorning furniture, carvings, jewelry, ornaments, greeting cards and more with beautifully burned patterns. Nationally recognized pyrography artist Lora S. Irish makes it easy to get started, with step-by-step instructions and skill building exercises. --Publishers description.
5050 . ‡aPyrography systems -- Pyrography tips -- General supplies -- Basic supply list -- Creating a wood practice board -- Tonal values practice board -- Exercises for practice. Light and dark exercise one: temperature of the tip ; Light and dark exercise two: burning time ; Light and dark exercise three: layers of strokes ; Light and dark exercise four: texture pattern ; Light and dark exercise five: putting it all together ; Texture exercise: putting textures together.
650 0. ‡aPyrography. ‡0(LARL_NWRL_CONSORTIUM)29181
650 7. ‡aPyrography. ‡2fast ‡0(LARL_NWRL_CONSORTIUM)29181
655 4. ‡aSTEM books.
905 . ‡uvanderl
901 . ‡a266791 ‡b ‡c266791 ‡tbiblio ‡soclc

Additional Resources